000
00313nam a22001337a 4500
008
180315b xxu||||| |||| 00| 0 eng d
020
_a
9781457631092
041
_a
eng
080
_2
10th
_a
37
100
_a
25
101
_a
EDU
245
_a
The bedford guide for college writers
_c
Kennedy,X.J
942
_2
udc
_c
BK
999
_c
45168
_d
45168